Špeciálnopedagogické poradenstvo

Špeciálnopedagogické poradenstvo, čím sa zaoberá a ako pomenúva problémy v uspokojovaní potrieb klienta so špeciálno – edukačnými potrebami. Legislatíny predpoklad saturácie potrieb integrovaných a intaktných žiakov.

Salvato in:
Dettagli Bibliografici
Autore principale: Gabarík, Michal
Natura: Capitolo di libro
Lingua:slovacco
Soggetti:
Tags: Aggiungi Tag
Nessun Tag, puoi essere il primo ad aggiungerne!!

MARC

LEADER 00000naa a2200000 4500
001 0217189
005 20231127103656.6
041 0 |a slo 
044 |a SK 
245 1 0 |a Špeciálnopedagogické poradenstvo  |c Michal Gabarík 
520 |a Špeciálnopedagogické poradenstvo, čím sa zaoberá a ako pomenúva problémy v uspokojovaní potrieb klienta so špeciálno – edukačnými potrebami. Legislatíny predpoklad saturácie potrieb integrovaných a intaktných žiakov. 
610 2 0 |a školstvo 
610 2 0 |a školy 
610 2 0 |a pedagogika špeciálna 
610 2 0 |a poradenstvo profesionálne 
610 2 0 |a vyučovanie 
610 2 0 |a efektívnosť vzdelávania 
610 2 0 |a legislatíva 
100 1 |a Gabarík, Michal